Despertador christiano de sermones doctrinales sobre particulares assumptos, dispuesto para que buelva en su acuerdo el pecador, y vença el peligroso letargo de las culpas animandose à la penitencia ... su autor Ioseph de Barzia y Zambrana ... (Record n. 37426)

Dettagli MARC
000 -LEADER
fixed length control field 01156nam a2200241 i 4500
003 - CONTROL NUMBER IDENTIFIER
control field IT-RoINE
008 - FIXED-LENGTH DATA ELEMENTS--GENERAL INFORMATION
fixed length control field 230913s1677 sp ||||| |||| 00| | spa d
026 ## - FINGERPRINT IDENTIFIER
First and second groups of characters n-a. deco
Third and fourth groups of characters e,or papu (3)
Date 1677 (A)
Number of volume or part t. 1
040 ## - CATALOGING SOURCE
Original cataloging agency IT-RoINE
Modifying agency IT-RoINE
100 1# - MAIN ENTRY--PERSONAL NAME
9 (RLIN) 72162
Personal name Barcia y Zambrana, José de,
Titles and other words associated with a name Obispo de Cádiz,
Dates associated with a name m. 1º695
245 10 - TITLE STATEMENT
Title Despertador christiano de sermones doctrinales sobre particulares assumptos, dispuesto para que buelva en su acuerdo el pecador, y vença el peligroso letargo de las culpas animandose à la penitencia ... su autor Ioseph de Barzia y Zambrana ...
260 ## - PUBLICATION, DISTRIBUTION, ETC. (IMPRINT)
Place of publication, distribution, etc En Granada :
Name of publisher, distributor, etc Imprenta Real de Francisco de Ochoa,
Date of publication, distribution, etc [1677]
300 ## - PHYSICAL DESCRIPTION
Extent v. ;
Dimensions 8º.
336 ## - CONTENT TYPE
Source rdacontent
Content type term text
337 ## - MEDIA TYPE
Source rdamedia
Media type term unmediated
338 ## - CARRIER TYPE
Source rdacarrier
Carrier type term volume
596 ## - LOCAL NOTE (RLIN)--PUBLICATION, DISTRIBUTION, ETC. (IMPRINT)
Publication, distribution, etc. (Imprint) note Impresso en Granada en la Imprenta Real de Francisco de Ochoa, impressor del Santo Oficio en Calle de Abenamar, Año de 1677.
597 ## - LOCAL NOTE (RLIN)--PHYSICAL DESCRIPTION
Physical description note Sign.:    ¶-¶¶¶4, A-3V4.
597 ## - LOCAL NOTE (RLIN)--PHYSICAL DESCRIPTION
Physical description note Texto a dos columna y apostollas marginales.
700 1# - ADDED ENTRY--PERSONAL NAME
9 (RLIN) 72163
Personal name Ochoa, Francisco de,
Dates associated with a name activo 1672-1710
Relator term impresor
752 ## - ADDED ENTRY--HIERARCHICAL PLACE NAME
Country or larger entity España,
City Granada
942 ## - ADDED ENTRY ELEMENTS (KOHA)
Source of classification or shelving scheme Dewey Decimal Classification
Item type Libro antiguo
Dati di copia
Withdrawn status Lost status Source of classification or shelving scheme Damaged status Not for loan Home library Current library Date acquired Full call number Barcode Date last seen Price effective from Koha item type Public note
    Iglesia Nacional Española en Roma     Iglesia Nacional Española en Roma Iglesia Nacional Española en Roma 13/09/2023 ANT.TER 96.1 65484 13/09/2023 13/09/2023 Libro antiguo T. 1. - Donación de la Casa Generalicia de la Compañía de Santa Teresa de Jesús en Roma el día 20 de marzo de 2023. - Cubierta en pergamino.